000 00928nam a2200301 a 4500
001 vtls001417153
003 NLI
005 20210627112127.0
008 121127s1988 ii 001 0 eng d
039 9 _y201211272151
_zVLOAD
040 0 _aNLI
_beng
_cEntertech IOD - 2013
_eAACR2
041 0 _aeng
044 _aii
082 0 4 _a923.254
100 1 _aSharma, Shanker Dayal
_9969659
245 1 0 _aJawaharial Nehru the maker of modern common wealth /
_cShanker Dayal Sharma
260 _aNew Delhi :
_bLok Sabha Seretariat,
_c1988
300 _a10 p. ;
_c20 cm.
600 1 0 _aNehru, Jawaharlal,
_d1889-1964
_9685617
650 0 _aPrime ministers
_zIndia
_9740717
650 0 _aCommonwealth countries
_9795964
710 1 _aLok Sabha Seretariat
_9969660
887 _a
901 _aIOD114364 date
_b19.12.1988
902 _aGP 923.254 N315
949 _AVIRTUAITEM
_D10000
_X100
_6IOD000114364ENG
942 _2ddc
_cBKS
999 _c852012
_d852012